Aplikácia pre správu parkovania

Gespeichert in:
Bibliographische Detailangaben
1. Verfasser: Filusová, Bibiana (Verfasst von)
Weitere Verfasser: Matišák, Jakub (Betreuung Doktorarbeit)
Format: Manuskript Buch
Sprache:Slowakisch
Veröffentlicht: Bratislava : STU v Bratislave FEI, 2020
Schlagworte:
Online-Zugang:https://opac.crzp.sk/?fn=ResultFormChild00027F66&seo=CRZP-Zoznam-z%C3%A1znamov
Tags: Tag hinzufügen
Keine Tags, Fügen Sie das erste Tag hinzu!

MARC

LEADER 00000ntm a22000003a 4500
001 stuzp77712
003 SK-STU
005 20200827122132.2
007 ta
008 150427s2015----xo-----f-mn---000-0-slo-d
040 |a STU  |b slo 
041 0 |a slo 
044 |a xo 
100 1 |a Filusová, Bibiana  |u 035000  |4 aut  |U FEI Fakulta elektrotechniky a informatiky  |T FEI Ústav informatiky a matematiky  |X 86325  |U E050  |Y 816  |7 86325 
242 0 1 |a Application for parking management  |y eng 
245 1 0 |a Aplikácia pre správu parkovania 
260 |c Bratislava :  |c STU v Bratislave FEI,  |c 2020 
300 |a 55 s. 
650 4 |a mobilná aplikácia  |2 slo 
650 4 |a react native  |2 slo 
650 4 |a parkovanie  |2 slo 
650 4 |a mapy  |2 slo 
650 4 |a mobile application  |2 eng 
650 4 |a react native  |2 eng 
650 4 |a parking  |2 eng 
650 4 |a maps  |2 eng 
700 1 |a Matišák, Jakub  |u 030400  |k Z3  |4 ths  |U FEI Fakulta elektrotechniky a informatiky  |T FEI Ústav automobilovej mechatroniky  |X 64208  |U E400  |Y 642  |7 64208 
856 4 |u https://opac.crzp.sk/?fn=ResultFormChild00027F66&seo=CRZP-Zoznam-z%C3%A1znamov